000 00986nmm a2200313 a 4500
001 ocm0001349670
003 TR-IsHL
005 20201028161615.0
008 161016s2016 tu tur
007 cr cn
020 _a9786051310220
035 _a1349670
_b(N$T)
050 0 4 _aBP165
_b.S29
090 0 4 _aBP165
_b.S29
100 1 _aSayın, Esma
245 1 0 _aDua terapisi
_h[electronic resource] /
_cEsma Sayın
260 _aİstanbul :
_bNesil Yayınları,
_c2016
300 _a197 p.
650 4 _aFelsefe, Psikoloji ve Din
650 4 _aPhilosophy, Psychology and Religion
650 0 _aDin
_x İslam
650 0 _aReligious
_x Islam
650 0 _aDini yaşam
_x İslam
650 0 _aReligious Life
_x Islam
650 0 _aİslam
_x Araştırma
_x Türkiye
650 0 _aIslam
_x Research
_x Turkey
650 7 _aRELIGION / Islam / General
_2bisacsh
856 4 0 _uhttp://search.ebscohost.com/login.aspx?direct=true&scope=site&db=e011xww&AN=1349670
999 _c14220
_d14220